| 000 | 01568cam a22003254a 4500 | ||
|---|---|---|---|
| 001 | 17013622 | ||
| 005 | 20170105102905.0 | ||
| 008 | 111020s2012 nyua b 001 0 eng | ||
| 010 | _a 2011043223 | ||
| 020 | _a9780415522748 (alk. paper) | ||
| 020 | _a9780203121122 (ebook) | ||
| 040 |
_aDLC _cDLC _dDLC |
||
| 043 | _aa-cc--- | ||
| 050 | 0 | 0 |
_aHD30.28 _b.C4646 2012 |
| 082 | 0 | 0 |
_a658.4/012 _223 |
| 100 | 1 | _aChaston, Ian. | |
| 245 | 1 | 0 |
_aStrategy for sustainable competitive advantage : _bsurviving declining demand and China's global development / _cby Ian Chaston. |
| 260 |
_aNew York : _bRoutledge, _c2012. |
||
| 300 |
_ax, 304 p. : _bill. ; _c24 cm. |
||
| 490 | 0 |
_aRoutledge research in organizational behaviour and strategy ; _v7 |
|
| 504 | _aIncludes bibliographical references (p. [273]-297) and index. | ||
| 505 | 0 | _aA very uncertain world -- Knowledge and competitive advantage -- Strategic planning -- Assessing external environments -- Internal competence -- Gap assessment -- Issues, objectives and stakeholders -- Strategy -- Technology strategies -- Knowledge, networks and innovation -- Public sector planning -- Organisational structure -- Implementing strategy -- Implementation errors -- Riding the smart wave. | |
| 650 | 0 | _aStrategic planning. | |
| 650 | 0 | _aOrganizational behavior. | |
| 650 | 0 | _aCompetition, International. | |
| 651 | 0 |
_aChina _xCommerce. |
|
| 906 |
_a7 _bcbc _corignew _d1 _eecip _f20 _gy-gencatlg |
||
| 942 |
_2ddc _cBK |
||
| 999 |
_c14829 _d14829 |
||